Normal view
MARC view
- Beckwith,Thomas G
Entry Personal Name
001 - CONTROL NUMBER
- control field: 86853
003 - CONTROL NUMBER IDENTIFIER
- control field: NUST
005 - DATE AND TIME OF LATEST TRANSACTION
- control field: 20211221110817.0
008 - FIXED-LENGTH DATA ELEMENTS
- fixed length control field: 211221|| aca||aabn | a|a d
040 ## - CATALOGING SOURCE
- Original cataloging agency: NUST
- Transcribing agency: NUST
100 ## - HEADING--PERSONAL NAME
- Personal name: Beckwith,Thomas G
670 ## - SOURCE DATA FOUND
- Source citation: Work cat.: (NUST)32449: Beckwith,Thomas G., Mechanical Measurements /, 2011.
